000 00460ntaaa2200181 4500
003 01
005 20251027202225.0
008 0714s1973 ag 01
040 _aAR-BaBN
_bspa
_cAR-BaBN
_eaacr
_dRIC
082 _a268.0000 Ze6
100 _aZiegler, Jesse H
_920743
245 _aPsychology and the teaching church
250 _a1 ed.
260 _aNew York :
_bAbingdon Press,
_cc1962
300 _a125 p
650 _aeducacion religiosa
_94601
942 _cBK
999 _c17101
_d17101